| 000 | 01674cam a2200241 4500 | ||
|---|---|---|---|
| 001 | ##L136656 | ||
| 008 | 070213n2006 000 0 eng u | ||
| 035 | _a(Sirsi) u136656 | ||
| 041 | 0 | _aeng | |
| 050 | 0 | 4 | _a692.8 $2 18 |
| 110 | 1 |
_aUnited Kingdom _bOffice of Fair Trading _94767 |
|
| 245 | 0 | 0 |
_aMaking competition work for you _ba guide for public sector procurers of construction _h[electronic resource] |
| 260 |
_aLondon _bOCG _c2006 |
||
| 505 | 1 | _aMaking sure you have enough credible suppliers -- Capitalising on European Union procurement arrangements -- Aggregating contracts -- Working strategically with other public sector procurers -- Defining your requirements clearly -- Choosing your selection criteria -- Incentivising, measuring and rewarding good performance -- Managing the supply chain -- Mitigating the risks of anti-competitive behaviour | |
| 520 | _aAims to promote best practice among organisations responsible for the procurement of public construction projects and to encourage effective competition. Focusing on the different stages of the procurement process, the guide advises on practical steps to take, pitfalls to avoid, and risks to mitigate in order to make competition work to achieve value for money. Includes a section on how to avoid being the victim of bid rigging or price fixing cartels. | ||
| 590 | _aKA | ||
| 651 | 4 |
_aUnited Kingdom _y |
|
| 690 |
_aProcurement _96260 |
||
| 710 | 1 |
_aUnited Kingdom _bOffice of Government Commerce _95119 |
|
| 710 | 2 |
_aPriceWaterhouseCoopers _93793 |
|
| 856 | 4 | 0 |
_uhttps://www.oft.gov.uk/Business/Market+studies/procurement.htm _zView the guide free of charge at www.oft.gov.uk... |
| 942 | _n0 | ||
| 999 |
_c106462 _d106462 |
||